Al Pacino Oscar Nominations Quiz Stats

 Plays Quiz Updated Aug 28, 2012

Also try: Al Pacino Movies
Challenge
Share
Tweet
Embed
Score 0/8 Timer 03:00
0 Plays Today
Film % Correct
The Godfather
99.7%
The Godfather, Part II
96.6%
Scent of a Woman
68.3%
Dog Day Afternoon
53.1%
Serpico
47%
Dick Tracy
30.7%
Glengarry Glen Ross
19.9%
...And Justice for All
16.6%

You're not logged in!

Compare scores with friends on all Sporcle quizzes.
Join for Free
OR
Log In

You Might Also Like...

Show Comments

Extras

Top Quizzes Today


Score Distribution

Your Account Isn't Verified!

In order to create a playlist on Sporcle, you need to verify the email address you used during registration. Go to your Sporcle Settings to finish the process.

Report this User

Report this user for behavior that violates our Community Guidelines.

Details: